000 00239nam a2200097Ia 4500
008 240331s9999 xx 000 0 und d
082 _bWOM
100 _aRao, A. ed
245 0 _aWomen's studies international :
_bnairobi and beyond
942 _cL
999 _c1824
_d1824